Statistics for Fitz and the Tantrums Charting Songs (Billboard Hot Rock)

Click here to take the quiz!

General Stats

  • This quiz has been taken 6 times
  • The average score is 6 of 10

Answer Stats

AlbumWeeks OnPeakArtist(s)Song% Correct
All the Feels8 Weeks#33Fitz and the Tantrums123456
100%
Fitz and the Tantrums12 Weeks#33Fitz and the TantrumsFool
100%
Fitz and the Tantrums52 Weeks#2Fitz and the TantrumsHandClap
100%
All the Feels20 Weeks#5Fitz and the TantrumsI Just Wanna Shine
100%
More Than Just a Dream26 Weeks#11Fitz and the TantrumsThe Walker
100%
More Than Just a Dream38 Weeks#13Fitz and the TantrumsOut Of My League
50%
More Than Just a Dream15 Weeks#26Fitz and the TantrumsFools Gold
0%
All the Feels4 Weeks#40Fitz and the TantrumsLivin' for the Weekend
0%
Pickin' Up the Pieces20 Weeks#33Fitz and the TantrumsMoney Grabber
0%
Fitz and the Tantrums2 Weeks#47Fitz and the TantrumsRoll Up
0%

Score Distribution

Percentile by Number Answered

Percent of People with Each Score

Your Score History

You have not taken this quiz